| Tag |
First Indicator |
Second Indicator |
Subfields |
| LEADER |
00000cam a2200000 4500 |
| 001 |
in00000039127 |
| 005 |
20151007081524.0 |
| 008 |
721129c19631962 eng u |
| 010 |
|
|
|a 67007200
|
| 035 |
|
|
|a (OCoLC)00503054
|
| 035 |
|
|
|9 AAF6512AM
|
| 040 |
|
|
|c WSU
|d TXA
|d UtOrBLW
|
| 049 |
|
|
|a TXAM
|c [463621]
|
| 090 |
|
|
|a JV6080
|b .S33
|
| 092 |
|
|
|a 325.1
|b S314p
|
| 100 |
1 |
|
|a Schechtman, Joseph B.,
|d 1891-1970.
|
| 245 |
1 |
0 |
|a Postwar population transfers in Europe 1945-1955.
|
| 264 |
|
1 |
|a Philadelphia :
|b University of Pennsylvania Press,
|c [1963]
|
| 264 |
|
4 |
|c [©1962]
|
| 300 |
|
|
|a 417 pages
|
| 336 |
|
|
|a text
|b txt
|2 rdacontent
|
| 337 |
|
|
|a unmediated
|b n
|2 rdamedia
|
| 338 |
|
|
|a volume
|b nc
|2 rdacarrier
|
| 504 |
|
|
|a Bibliography: pages 399-410.
|
| 650 |
|
0 |
|a Population transfers.
|
| 999 |
|
|
|a MARS
|
| 999 |
f |
f |
|s 6af96a72-7e93-3ad6-bce7-5e9d7f12fb98
|i e7cfcfdd-c11a-3a66-ba04-49a0be214c54
|t 0
|
| 952 |
f |
f |
|p ric
|a Texas A&M University
|b Rellis Campus
|c Joint Library Facility
|d Remote Storage
|t 0
|e JV6080 .S33
|h Library of Congress classification
|i unmediated -- volume
|m A14800668504
|
| 998 |
f |
f |
|a JV6080 .S33
|t 0
|l Remote Storage
|